Common Abbreviations - Statistics

General Stats
  • This quiz has been taken 14 times
  • The average score is 6 of 14
Answer Stats
Hint Answer % Correct
HR human resources
85%
PIN personal identification number
85%
PS post script
69%
ATM automatic teller machine
54%
NATO north atlantic treaty organization
54%
VPN virtual private network
54%
CC carbon copy
46%
PSI pounds per square Inch
46%
BCE before common era
23%
GMO genetically modified organism
23%
NASA national aeronautics space administration
15%
FBI federal bureau investigations
8%
PVC polyvinyl chloride
8%
TSA transportation security administration
8%
No matching quizzes found
Score Distribution
Percent of People with Each Score
Percentile by Number Answered
Your Score History
You have not taken this quiz